000 00750nam a2200301Ia 4500
008 220216s9999 xx 000 0 und d
100 _aChaushury M
245 0 _aEffect of higher doses of fertilizers on growth and yield of rubber in Tripura
260 _bIndian Journal of Natural Rubber Research
_c2001
300 _a173-176
650 _aFertilizer application
650 _aFertilizer application
650 _aGrowth
650 _aGrowth
650 _aRubber
650 _aRubber
650 _aTripura
650 _aTripura
650 _aYield
650 _aYield
700 _aDey S K
700 _aEappen T
700 _aPothen J
700 _aRoy S
700 _aSharma A C
700 _aVarghese M
942 _cAR
999 _c47223
_d47223